| 000 | 01162nam2a22002891 4500 | ||
|---|---|---|---|
| 001 | v19\rc\1885575 | ||
| 005 | 20251118180505.3 | ||
| 035 | _a(NLR Aleph) 004989103 | ||
| 090 |
_a6266620 _c6266620 |
||
| 100 | _a20080221d1910 u y0rusy50 ca | ||
| 101 | 0 | _arus | |
| 102 | _aRU | ||
| 105 | _ay z ||||| | ||
| 200 | 0 |
_a... за 1909 год _eГод 4-й |
|
| 210 | _d1910 | ||
| 215 | _a74 с. | ||
| 461 | 0 |
_1001v19\rc\1885574 _12001#$aОтчет о деятельности Сокольского сельскохозяйственного общества...$v... за 1909 год _96266611 _aСокольское сельскохозяйственное общество (Кобелякский уезд) _cКобеляки _d1910-1913 _tОтчет о деятельности Сокольского сельскохозяйственного общества... _v... за 1909 год |
|
| 801 | 0 |
_aRU _bNLR _gpsbo |
|
| 801 | 0 |
_aRU _bRuMoRGB _2psbo |
|
| 801 | 1 |
_aRU _bProSoft-M _2rusmarc |
|
| 852 |
_aNLR _j19.48.5.58(1) |
||
| 852 |
_aNLR _j19.48.5.58 |
||
| 899 |
_aRuMoRGB _jF 71/234 |
||
| 899 |
_aRuMoRGB _jF 51/523 |
||
| 899 | _aБАН | ||
| 942 | _cBOOK | ||
| 980 | _aNB | ||